00348 a2200097 4500001001000000005001700010008004100027245007500068100001900143773008800162ART_4538720260410161939.0260409a 10aMini-symposium on "Is Keynesian demand management policy still viable?1 aDavidson, Paul0 tJournal of post Keynesian economicsg- Vol. 17, NÂș 2 (dic.1994/mar.1995)wREV26226